000
00328nam a22001337a 4500
008
170131b xxu||||| |||| 00| 0 eng d
020
_a
0914904647
041
_a
eng
080
_a
61
100
_a
3
101
_a
SHMI
245
_a
THE CHALLENGE OF ADMINISTERING HEALTH SERVICES: CAREER PATHWAYS
_c
BELLIN, L.E
942
_2
udc
_c
BK
999
_c
4048
_d
4048